BIBLIOTHÈQUE DE LA MAISON DU MEXIQUE

Logo 1 Logo 2

América Latina (notice nᵒ 1770)

détails MARC
000 -Sello discográfico
campo de control de longitud fija 01084nam a2200325 4500
005 - Identificación de versión
campo de control 20251016083113.0
010 ## - Número Estándar Internacional de Libros (ISBN)
Número (ISBN) 968-29-4699-9 (CNCA)
010 ## - Número Estándar Internacional de Libros (ISBN)
Número (ISBN) 970-05-0438-7 (Editorial Grijalbo)
035 ## - Otros números de control del sistema
Número de control del sistema 22268
099 ## - fechas locales
Tipo de ítem Koha LIBRO
100 ## - Datos de procesamiento general
Datos de procesamiento general 19970606d1992 m y1spay5003 ba
105 ## - Campo de datos codificados: Material textual, monográfico
Datos codificados de monografía y 001zy
200 1# - Título y mención de responsabilidad
Título propio América Latina
Designación general del material texto impreso
Otra información del título cultura y modernidad
Primer mención de responsabilidad José Joaquín Brunner
205 ## - Declaración de edición
Declaración de edición 1a ed
210 ## - Publicación, distribución, etc.
Lugar de publicación, distribución, etc. México
Nombre del editor, distribuidor, etc. Consejo Nacional para la Cultura y las Artes
-- Editorial Grijalbo
Fecha de publicación, distribución, etc. 1992
215 ## - Descripción física
Designación de material específico y extensión del ítem 403 p
Dimensiones 21 cm
345 ## - Nota de información de adquisición
Fuente de adquisición/dirección de la suscripción [OBSOLETO] Donación del CNCA
410 #1 - Series
Título Claves de América Latina
607 ## - Nombre geográfico utilizado como tema
Elemento de entrada América Latina
Subdivisión temática Civilización
Número Koha 710
607 ## - Nombre geográfico utilizado como tema
Elemento de entrada América Latina
Subdivisión temática Política cultural
Número Koha 4394
660 ## - Código de área geográfica
Código MX
700 ## - Nombre personal - Responsabilidad primaria
Elemento de entrada Brunner Ried
Parte del nombre distinta del elemento de entrada José Joaquín
Fechas 1944-
Número Koha 4395
801 #0 - Fuente de origen
Agencia cm
900 ## -
-- 1/14187
900 ## -
-- 710973671\\060697
942 ## - ELEMENTOS DE ENTRADA SECUNDARIOS (KOHA)
Tipo de ítem Koha Livre
996 ## -
-- MEX
-- 751145101
-- MMAG
-- 005855
-- 918 B897A
-- 20220114LIV
Exemplaires
Estatus retirado Estado de daño Estado de pérdida Fecha de adquisición Biblioteca de origen Biblioteca actual Ubicación en estantería Código de barras Precio de reemplazo Signatura topográfica completa No para préstamo Tipo de ítem Koha Nota pública Nota no pública
      05/08/2025 Casa México Paris Casa México Paris   005855 05/08/2025 918 B897A   Livre 20220114LIV 751145101